| 000 | 00726nam a2200253Ia 4500 | ||
|---|---|---|---|
| 003 | OSt | ||
| 005 | 20220927110622.0 | ||
| 006 | a|||||r|||| 00| 0 | ||
| 007 | ta | ||
| 008 | 220926b |||||||| |||| 00| 0 eng d | ||
| 024 | _a109788 | ||
| 037 | _cReports | ||
| 040 |
_aRTL _cRTL _beng |
||
| 041 |
_2eng _aeng |
||
| 082 | _a"X9(M7):9.2.N2, F7" | ||
| 100 |
_aShaw T _9379420 |
||
| 245 | 0 | _aReport of investigations into the conditions of In | |
| 260 |
_aAshton _bI F T W _c1927 |
||
| 300 |
_a66p. _ccm. |
||
| 490 | _a"International Federation of Textile Workers, publication" | ||
| 650 | _aTextile Industry | ||
| 942 |
_h"X9(M7):9.2.N2, F7" _cCC |
||
| 999 |
_c697415 _d697415 |
||